Towards Abolition of the Death Penalty in Uganda : (Record no. 157)

MARC details
000 -LEADER
fixed length control field 00822cam a22002294a 4500
003 - CONTROL NUMBER IDENTIFIER
control field OSt
005 - DATE AND TIME OF LATEST TRANSACTION
control field 20171025193452.0
008 - FIXED-LENGTH DATA ELEMENTS--GENERAL INFORMATION
fixed length control field 081125s2008 ug a b 001 0 eng
010 ## - LIBRARY OF CONGRESS CONTROL NUMBER
LC control number 2008345425
020 ## - INTERNATIONAL STANDARD BOOK NUMBER
International Standard Book Number 9789970026159
040 ## - CATALOGING SOURCE
Original cataloging agency DLC
Transcribing agency DLC
Modifying agency DLC
082 ## - DEWEY DECIMAL CLASSIFICATION NUMBER
Edition number 22
Classification number 341.481
Item number TOW
245 10 - TITLE STATEMENT
Title Towards Abolition of the Death Penalty in Uganda :
Remainder of title coalition on the abolition of the death penalty in Uganda /
260 ## - PUBLICATION, DISTRIBUTION, ETC. (IMPRINT)
Place of publication, distribution, etc Kampala :
Name of publisher, distributor, etc Fountain Publishers,
Date of publication, distribution, etc 2008.
300 ## - PHYSICAL DESCRIPTION
Extent lv,160 p. :
Other physical details ill. ;
Dimensions 21 cm.
504 ## - BIBLIOGRAPHY, ETC. NOTE
Bibliography, etc Includes bibliographical references p. 143-149<br/>Index: 159 - 160
650 #0 - SUBJECT ADDED ENTRY--TOPICAL TERM
Topical term or geographic name as entry element Capital punishment
Geographic subdivision Uganda.
9 (RLIN) 433
650 #0 - SUBJECT ADDED ENTRY--TOPICAL TERM
Topical term or geographic name as entry element Criminal justice, Administration of
Geographic subdivision Uganda.
9 (RLIN) 434
650 #0 - SUBJECT ADDED ENTRY--TOPICAL TERM
Topical term or geographic name as entry element Human rights
Geographic subdivision Uganda.
9 (RLIN) 435
710 2# - ADDED ENTRY--CORPORATE NAME
Corporate name or jurisdiction name as entry element Foundation for Human Rights Initiative.
9 (RLIN) 240
942 ## - ADDED ENTRY ELEMENTS (KOHA)
Source of classification or shelving scheme Dewey Decimal Classification
Koha item type Books
Holdings
Withdrawn status Lost status Source of classification or shelving scheme Damaged status Not for loan Home library Current library Shelving location Date acquired Total Checkouts Full call number Barcode Date last seen Copy number Price effective from Koha item type Public note
    Dewey Decimal Classification     Archives Archives   04/09/2011   341.481 TOW 008/11 04/09/2011 1 04/09/2011 Books  
    Dewey Decimal Classification     Law Development Centre Main Library Law Development Centre Main Library Text Books and Laws 04/09/2011   341.481 TOW 132/11 04/09/2011 2 04/09/2011 Books Reserve
    Dewey Decimal Classification     Law Development Centre Main Library Law Development Centre Main Library Text Books and Laws 03/22/2014   341.481 TOW 9126/2014 03/22/2014 1a 03/22/2014 Books Reserve
          Law Development Centre Main Library Law Development Centre Main Library Text Books and Laws 10/25/2017   341.481 TOW 24/09 10/25/2017   10/25/2017 Books